Implementácia e-learningu vo vyučovaní cudzích jazykov na PHF EU Košice

O projekte Podpora a zavedenie nových foriem vzdelávania, realizovanom na PHF v Košiciach. Definovanie e-learningu vo vyučovaní cudzieho jazyka. Možnosti využitia e-learningu vo vyučovaní cudzích jazykov, výhody.

Na minha lista:
Detalhes bibliográficos
Autor principal: Kokošková, Silvia
Formato: Capítulo de Livro
Idioma:eslovaco
Assuntos:
Tags: Adicionar Tag
Sem tags, seja o primeiro a adicionar uma tag!

MARC

LEADER 00000naa$a2200000$$$4500
001 0069744
005 20240502071836.9
041 0 |a slo 
044 |a SK 
245 1 0 |a Implementácia e-learningu vo vyučovaní cudzích jazykov na PHF EU Košice  |c Silvia Kokošková 
520 |a O projekte Podpora a zavedenie nových foriem vzdelávania, realizovanom na PHF v Košiciach. Definovanie e-learningu vo vyučovaní cudzieho jazyka. Možnosti využitia e-learningu vo vyučovaní cudzích jazykov, výhody. 
610 2 0 |a vzdelávanie elektronické 
610 2 0 |a internet 
610 2 0 |a jazyky cudzie 
610 2 0 |a vysokoškoláci 
610 2 0 |a štúdium vysokoškolské 
100 1 |a Kokošková, Silvia